000 00854nmm a2200253 a 4500
001 ocm000700935
003 TR-IsHL
005 20201028125406.0
008 110704s1991 tu tur
007 cr cn
035 _a700935
_b(N$T)
050 0 4 _aHF328.T9
_bİ88 1991
090 0 4 _aHF328.T9
_bİ88 1991
245 1 0 _aİstanbul Ticaret Odası eski eserler kataloğu
_h[electronic resource]
250 _a1. bs.
260 _aİstanbul :
_bİstanbul Ticaret Odası,
_c1991
300 _a103 p.
650 4 _aKütüphanecilik
650 4 _aLibrary Science
650 0 _aİstanbul Ticaret Odası
_x Tarihi
650 0 _aIstanbul Chamber of Commerce
_x History
650 7 _aBUSINESS & ECONOMICS / Corporate & Business History
_2bisacsh
856 4 0 _uhttp://search.ebscohost.com/login.aspx?direct=true&scope=site&db=e011xww&AN=700935
999 _c3458
_d3458